000
00270nam a2200109Ia 4500
008
200302s9999 xx 000 0 und d
100
_a
Irwin Atman and Others
245
_a
Elderly People and the Environment
260
_b
Plenum Press
260
_c
1984
300
_a
343 P.,
999
_c
3044
_d
3044